000 00656cam a2200217 4500
008 020304n2003 000 0 eng u
020 _a1857839382
035 _a(Sirsi) u121920
041 _aeng.
050 _a333.33025
_c18
110 _aRoyal Institution of Chartered Surveyors
_94900
245 _aGeographical directory 2003
260 _aLondon
_bWaterlow Specialist Information Publishing Ltd
_c2003
300 _a42,104,621, 64p.
_c25cm
650 _aABOUT RICS-RICS MEMBERS
650 _aDIRECTORIES
650 _aMEMBERSHIP DIRECTORY
650 _aRICS
690 _aMANAGEMENT-BUSINESS MANAGEMENT-PROFESSIONAL PRACTICE
942 _n0
999 _c102765
_d102765